000 00662nam a2200157 a 4500
008 120416s1979 ||||||||||||||||| || u
050 _aQH 54.1.5.C6 Nat
100 _aLaurie, Ian C
245 1 0 _aNature in cities: the natural environment in the design and development of urban green space
_cedited by Ian C. Laurie
260 _aChichester
_bJohn Wiley and Sons
_c1979
300 _axii, 428p. : ill
350 _a0.00
650 0 _aBIOLOGY
650 7 _aNATURE CONSERVATION
_2unbist
995 _D0.00
_FCBU-MAIN LIBRARY (Kitwe)
_H1
_I0.00
_M1
_UAVAILABLE
_WJun 27, 2006
_ZMain Library Open Access Collection
999 _c52001
_d52001